|
|
|
|
| LEADER |
00000nam0a2200000 4500 |
| 001 |
56734 |
| 005 |
20231031053719.0 |
| 035 |
|
|
|a (RuTPU)RU\TPU\book\59590
|
| 090 |
|
|
|a 56734
|
| 100 |
|
|
|a 20031008d1968 km y0rusy50 ca
|
| 101 |
0 |
|
|a rus
|a ger
|
| 102 |
|
|
|a RU
|
| 105 |
|
|
|a a e 000zy
|
| 200 |
1 |
|
|a Немецко-русский словарь по пластмассам, каучуку и резине, химическим волокнам, лакам и краскам
|e Около 20 000 терминов
|f сост. К. Н. Масленников, А. И. Семенов, А. Е. Шапиро, Ф. И. Яшунская; Под ред. Е. Б. Тростянской, В. М. Виноградова
|
| 210 |
|
|
|a Москва
|c Советская энциклопедия
|d 1968
|
| 215 |
|
|
|a 528 с.
|c ил.
|
| 610 |
1 |
|
|a словари
|
| 610 |
1 |
|
|a немецкий язык
|
| 610 |
1 |
|
|a русский язык
|
| 610 |
1 |
|
|a немецко-русские словари
|
| 610 |
1 |
|
|a пластмассы
|
| 610 |
1 |
|
|a каучук
|
| 610 |
1 |
|
|a резина
|
| 610 |
1 |
|
|a химические волокна
|
| 610 |
1 |
|
|a краски
|
| 675 |
|
|
|a 43(038)
|v 3
|
| 675 |
|
|
|a 66(038)
|v 3
|
| 702 |
|
1 |
|a Масленников
|b К. Н.
|g Кирилл Нилович
|4 220
|
| 702 |
|
1 |
|a Семенов
|b А. И.
|4 220
|
| 702 |
|
1 |
|a Шапиро
|b А. Е.
|4 220
|
| 702 |
|
1 |
|a Яшунская
|b Ф. И.
|4 220
|
| 702 |
|
1 |
|a Тростянская
|b Е. Б.
|g Елена Борисовна
|4 340
|
| 702 |
|
1 |
|a Виноградов
|b В. М.
|4 340
|
| 801 |
|
1 |
|a RU
|b 63413507
|c 20031008
|g PSBO
|
| 801 |
|
2 |
|a RU
|b 63413507
|c 20161013
|g PSBO
|
| 942 |
|
|
|c BK
|